| Tag |
First Indicator |
Second Indicator |
Subfields |
| LEADER |
00000cam a2200000 i 4500 |
| 001 |
in00003477621 |
| 005 |
20210312123627.0 |
| 006 |
m o d f |
| 007 |
cr m|||||a|||| |
| 008 |
140623e201306 dcua obt f000 0 eng c |
| 035 |
|
|
|a (OCoLC)ocn881625680
|
| 042 |
|
|
|a pcc
|
| 040 |
|
|
|a GPO
|b eng
|e rda
|e pn
|c GPO
|d MvI
|
| 049 |
|
|
|a WWW
|
| 074 |
|
|
|a 0982-G-91 (online)
|
| 086 |
0 |
|
|a TD 2.30/26:13-039
|
| 088 |
|
|
|a Publication No. FHWA-HIF-13-039
|
| 100 |
1 |
|
|a Haraldsson, Olafur Sveinn,
|e author.
|
| 245 |
1 |
0 |
|a Precast bent system for high seismic regions :
|b laboratory tests of column-to-footing socket connections /
|c Olafur S. Haraldsson [and three others].
|
| 264 |
|
1 |
|a Washington, DC :
|b U.S. Department of Transportation, Federal Highway Administration, Highways for Life,
|c June 2013.
|
| 300 |
|
|
|a 1 online resource (xvii, 166 pages) :
|b illustrations (some color)
|
| 336 |
|
|
|a text
|b txt
|2 rdacontent
|
| 337 |
|
|
|a computer
|b c
|2 rdamedia
|
| 338 |
|
|
|a online resource
|b cr
|2 rdacarrier
|
| 513 |
|
|
|a Final report
|
| 500 |
|
|
|a Title from title screen (viewed on June 19, 2014).
|
| 500 |
|
|
|a "Performing Organization Name ... BergerABAM, Inc."--Technical report documentation page.
|
| 504 |
|
|
|a Includes bibliographical references (pages 107-108).
|
| 500 |
|
|
|a "Publication No. FHWA-HIF-13-039."
|
| 536 |
|
|
|a Federal Highway Administration, Highways for LIFE Program Office
|b DTFH 61-09-G00005
|
| 650 |
|
0 |
|a Bridges
|x Earthquake effects.
|
| 650 |
|
0 |
|a Bridges
|x Foundations and piers
|x Materials.
|
| 650 |
|
0 |
|a Bridges
|x Design and construction.
|
| 650 |
|
0 |
|a Earthquake resistant design.
|
| 710 |
2 |
|
|a Highways for LIFE (Program : U.S.),
|e issuing body.
|
| 710 |
2 |
|
|a BergerABAM, Inc.,
|e author.
|
| 856 |
4 |
0 |
|u https://purl.fdlp.gov/GPO/gpo46932
|t 0
|
| 856 |
4 |
0 |
|u http://purl.fdlp.gov/GPO/gpo46932
|t 0
|
| 999 |
f |
f |
|s a9a300fd-b77e-3fca-86d7-99ef21fc9a39
|i 7db37211-4976-3dee-9085-916ba207b57e
|t 0
|
| 952 |
f |
f |
|a Texas A&M University
|b College Station
|c Electronic Resources
|d Available Online
|t 0
|e TD 2.30/26:13-039
|h Superintendent of Documents classification
|
| 998 |
f |
f |
|a TD 2.30/26:13-039
|t 0
|l Available Online
|